Les 10 villes de plus de 100 000 habitants les plus au Sud - Statistiques

Statistiques générales
  • Ce quiz a été pris 104 fois
  • Le résultat moyen est 2 sur 10
Statistiques - réponses
Latitude Pays Population Réponse % Correct
41° 17′ 55″ S Nouvelle-Zélande 212 000 Wellington
93%
43° 31′ 54″ S Nouvelle-Zélande 377 900 Christchurch
48%
42° 53′ 09″ S Australie 197 451 Hobart
32%
53° 09′ 30″ S Chili 125 932 Punta Arenas
24%
45° 52′ 49″ S Nouvelle-Zélande 102 400 Dunedin
16%
41° 28′ 18″ S Chili 171 136 Puerto Montt
9%
45° 53′ 13″ S Argentine 215 800 Comodoro Rivadavia
7%
51° 37′ 30″ S Argentine 115 700 Río Gallegos
7%
42° 45′ 28″ S Argentine 110 500 Puerto Madryn
4%
43° 15′ 00" S Argentine 107 400 Trelew
4%
Aucun quiz correspondant
Distribution des résultats
% des personnes avec chaque résultat
Percentile par nombre de réponses
Votre historique - résultats
Vous n’avez pas pris ce quiz